| 000 | 00548nam a22001937a 4500 | ||
|---|---|---|---|
| 999 |
_c2133 _d2133 |
||
| 005 | 20230310133247.0 | ||
| 008 | 230310b ||||| |||| 00| 0 eng d | ||
| 022 | _a9781398373983 | ||
| 040 | _cKH8 | ||
| 082 | _a570 BIO | ||
| 110 | _aHodder Education | ||
| 245 |
_aBleached coral: _brestoring damaged reefs |
||
| 260 |
_aUK: _bHodder Education, _c2022. |
||
| 300 |
_av. : _c28 cm. |
||
| 440 |
_aBiological sciences review; _nvol. 35 September 2023 _vno.3. |
||
| 650 | _aBiology -- Periodicals | ||
| 650 | _aBiology Serials | ||
| 942 |
_2ddc _cTR |
||